Developing analytical skills : (Record no. 2699)

MARC details
000 -LEADER
fixed length control field 00616nam a2200205 4500
001 - CONTROL NUMBER
control field 3337
005 - DATE AND TIME OF LATEST TRANSACTION
control field 20181127171034.0
010 00 - LIBRARY OF CONGRESS CONTROL NUMBER
LC control number
020 00 - INTERNATIONAL STANDARD BOOK NUMBER
International Standard Book Number 8184040423
090 00 - LOCALLY ASSIGNED LC-TYPE CALL NUMBER (OCLC); LOCAL CALL NUMBER (RLIN)
Classification number (OCLC) (R) ; Classification number, CALL (RLIN) (NR) 658.0722 N273d 2008
100 00 - MAIN ENTRY--PERSONAL NAME
Personal name Natarajan, B.
245 00 - TITLE STATEMENT
Title Developing analytical skills :
Remainder of title Case studies in management /
Statement of responsibility, etc. Dr. B. Natarajan and S. K. Nagarajan.
Medium
250 00 - EDITION STATEMENT
Edition statement
260 00 - PUBLICATION, DISTRIBUTION, ETC.
Place of publication, distribution, etc. Mumbai :
Name of publisher, distributor, etc. Shroff publishers,
Date of publication, distribution, etc. 2008.
300 00 - PHYSICAL DESCRIPTION
Extent xiii, 615 p.
500 00 - GENERAL NOTE
General note
650 00 - SUBJECT ADDED ENTRY--TOPICAL TERM
Topical term or geographic name entry element Industrial management --Case studies.
General subdivision
Topical term or geographic name entry element Business management --Case studies.
General subdivision
700 ## - ADDED ENTRY--PERSONAL NAME
Personal name Nagarajan, S. K.
Numeration
Titles and other words associated with a name
Dates associated with a name
Relator term
Form subheading
Language of a work
Medium of performance for music
Number of part/section of a work
Arranged statement for music
Name of part/section of a work
Fuller form of name
Key for music
Version
Title of a work
Holdings
Withdrawn status Lost status Source of classification or shelving scheme Damaged status Not for loan Collection code Home library Current library Shelving location Date acquired Serial Enumeration / chronology Inventory number Total Checkouts Total Renewals Full call number Barcode Date last seen Date last checked out Price effective from Koha item type
    Dewey Decimal Classification     Main TEST RTC Library RTC Library Main opac 09/03/2021 5787 2 1 658.07 NAT 30000618 27/11/2024 31/07/2024 27/11/2018 Main
Royal Thimphu College || All Right Reserved